00878nam a22002417a 45000010008000000030004000080050017000120070014000290080041000430100017000840400018001010820015001191000025001342450105001592600055002643000025003195000016003445330112003609060045004729420012005179990013005299520094005422433863OSt20230608101835.0heubmb---baca870923r19841952flu b 000 0 eng  a 87890381  aDLCcDLCdDLC a572.9bFIE1 aField, Henry,d1902-10aContributions to the anthropology of the Faiyum, Sinai, Sudan, Kenyah[microform] /cby Henry Field. aBerkeley :bUniversity of California Press,c1952. a352 leaves ;c23 cm. aTypescript. aMicrofiche.bCoral Gables, Fla. :cR & R Microfilm Services,d1984?e6 microfiches : negative ; 11 x 15 cm. a7bcbccorignewduencipf19gy-genmicro 2ddccBK c839d839 00102ddc4070a001b001d2023-06-08l0o572.9 FIEp10000642r2023-06-08w2023-06-08yBK